01021cam a22002775a 45000010009000000050017000090080041000260200025000670400028000920820020001201000030001402450065001702460024002352500012002592600048002713000036003195000024003555000027003795040041004066500044004476510010004916530049005019420020005509990017005709520156005871743759020151115153019.0120822t2013 enka frbd f001 0 eng d a9780199697397 (pbk.) aDLCbengcDLCdEG-ScBUE04a615.19bPAT2221 aPatrick, Graham L.93844913aAn introduction to medicinal chemistry /cGraham L. Patrick.30aMedicinal chemistry a5th ed. aOxford :bOxford University Press,cc.2013. axxiii, 789 p. :bill. ;c26 cm. aIndex : p. 763-789. aGlossary : p. 741-760. aIncludes bibliographical references. 7aPharmaceutical chemistry.2BUEsh930027 2BUEsh bPPhrmcJune2015cSeptember2015cNovember2015 2ddck615.19 PAT c19977d19949 00102ddc40708AlahramaMAINbMAINc1STd2015-06-28ePurchaseg342.00h307l2m43o615.19 PATp000039175r2025-07-15 00:00:00s2022-02-22v427.50yBB